Normal view
MARC view
- نظم المعلومات-الذكاء الاصطناعي-الحواسيب
Entry Topical Term
001 - CONTROL NUMBER
- control field: 62144
003 - CONTROL NUMBER IDENTIFIER
- control field: JO-AjAnu
005 - DATE AND TIME OF LATEST TRANSACTION
- control field: 20230606084142.0
008 - FIXED-LENGTH DATA ELEMENTS
- fixed length control field: 230606|| aca||aabn | a|a d
040 ## - CATALOGING SOURCE
- Original cataloging agency: JO-AjAnu
- Transcribing agency: JO-AjAnu
150 ## - HEADING--TOPICAL TERM
- Topical term or geographic name entry element: نظم المعلومات-الذكاء الاصطناعي-الحواسيب
670 ## - SOURCE DATA FOUND
- Source citation: Work cat.: (JO-AjAnu)31694: الخفاف، مها مهدي، م مشارك غسان احمد العتيبي, author 62143, نظم دعم القرار والنظم الذكية